000 01583nam0a2200325 4500
001 RU\NLR\bibl\804402
005 20260405073204.0
021 _aRU
_b2005-11032
_9567
035 _a(NLR Aleph) 000793546
090 _a1136752
_c1136752
100 _a20050530d2004 |||y0rusy50 ca
101 0 _arus
102 _aRU
105 _aa |||||||||
200 1 _aСтрахование
_eучебное пособие
_fА.Г. Ивасенко, С.А. Вдовин, В.А. Павленко
_gМ-во образования и науки Рос. Федерации, Новосиб. гос. техн. ун-т
210 _aНовосибирск
_cИзд-во НГТУ
_d2004
215 _a243 с.
_cил.
_d20
606 1 _aСтрахование
_jРуководства, пособия и т.п. для высшей школы
_91041262
_3RU\NLR\auth\6683083
606 1 _aСтрахование
_jУчебные издания для высших учебных заведений
_91041262
_3RU\NLR\auth\6683083
686 _aУ26(2)31я73
700 1 _4070
_7ca
_8rus
_aИвасенко
_bА. Г.
_f1954-
_gАнатолий Григорьевич
_3RU\NLR\AUTH\7720329
_93397
701 1 _4070
_7ca
_8rus
_aВдовин
_bС. А.
_cканд. экон. наук
_gCергей Александрович
_9186749
_3RU\NLR\AUTH\770186800
701 1 _aПавленко
_bВ. А.
_gВалерия Александровна
_4070
801 0 _aRU
_bNLR
_c20050530
_gPSBO
801 1 _aRU
_bNLR
_c20050530
830 _aавт. по кн.
942 _cBOOK
980 _aNB